Η πρώτη ανάγνωση με την ολική μέθοδο : θεωρία και πράξη

Αποθηκεύτηκε σε:
Λεπτομέρειες βιβλιογραφικής εγγραφής
Κύριος συγγραφέας: Γιαννόπουλος, Θεόδωρος Α.
Μορφή: Βιβλίο
Γλώσσα:Greek
Δημοσίευση: Αθήναι : [χ.ό.], 1925
Θέματα:
Ετικέτες: Προσθήκη ετικέτας
Δεν υπάρχουν, Καταχωρήστε ετικέτα πρώτοι!

MARC

LEADER 00000cam a2200000 i 4500
001 1/105705
008 090529q19301940 gre d
035 |l 10104932 
040 |a GR-MY-UA  |b gre  |e aacr 
041 0 |a gre 
082 0 |a 372.4  |2 (22) 
100 1 |a Γιαννόπουλος, Θεόδωρος Α. 
245 1 2 |a Η πρώτη ανάγνωση με την ολική μέθοδο :  |b θεωρία και πράξη /  |c Θεοδώρου Α. Γιαννοπούλου 
260 |a Αθήναι :   |b [χ.ό.],   |c 1925 
300 |a 168 σ.;  |c 22 εκ. 
650 0 0 |a Reading (Elementary) 
650 0 0 |a Reading (Primary) 
852 |a INST  |b RHODES  |c AKA  |e 20090529  |h  372.4 ΓΙΑ  |p 005400032072  |q 005400032072  |t BK  |y 0 
901 |a BIBL4-2009-2 
909 |a Ρ  |b 157154 
970 |a ΚΟΖΑ  |b ΜΑΡΙΑ  |z 2009/05/20